On war / (Record no. 25595)
[ view plain ]
| 000 -LEADER | |
|---|---|
| fixed length control field | 01294cam a22003495a 4500 |
| 001 - CONTROL NUMBER | |
| control field | ocm24168145 |
| 003 - CONTROL NUMBER IDENTIFIER | |
| control field | OSt |
| 005 - DATE AND TIME OF LATEST TRANSACTION | |
| control field | 20171115155557.0 |
| 008 - FIXED-LENGTH DATA ELEMENTS--GENERAL INFORMATION | |
| fixed length control field | 910802s1989 nju frb 001 0 eng d |
| 020 ## - INTERNATIONAL STANDARD BOOK NUMBER | |
| International Standard Book Number | 0691018545 |
| 020 ## - INTERNATIONAL STANDARD BOOK NUMBER | |
| International Standard Book Number | 9780691018546 |
| 040 ## - CATALOGING SOURCE | |
| Original cataloging agency | DZM |
| Transcribing agency | DZM |
| Modifying agency | IUP |
| -- | EG-ScBUE |
| Language of cataloging | eng |
| 041 1# - LANGUAGE CODE | |
| Language code of text/sound track or separate title | eng |
| Language code of original and/or intermediate translations of text | ger |
| 082 04 - DEWEY DECIMAL CLASSIFICATION NUMBER | |
| Edition number | 22 |
| Classification number | 355.02 |
| Item number | CLA |
| 100 1# - MAIN ENTRY--PERSONAL NAME | |
| Personal name | Clausewitz, Carl von, |
| Dates associated with a name | 1780-1831. |
| 240 10 - UNIFORM TITLE | |
| Uniform title | <a href="Vom Kriege.">Vom Kriege.</a> |
| Language of a work | English |
| 245 10 - TITLE STATEMENT | |
| Title | On war / |
| Statement of responsibility, etc | Carl von Clausewitz ; edited and translated by Michael Howard and Peter Paret ; introductory essays by Peter Paret, Michael Howard, and Bernard Brodie ; with a commentary by Bernard Brodie ; index by Rosalie West. |
| 250 ## - EDITION STATEMENT | |
| Edition statement | 1st Princeton Paperback printing; Indexed ed. |
| 260 ## - PUBLICATION, DISTRIBUTION, ETC. (IMPRINT) | |
| Place of publication, distribution, etc | Princeton : |
| Name of publisher, distributor, etc | Princeton University Press, |
| Date of publication, distribution, etc | 1989. |
| 300 ## - PHYSICAL DESCRIPTION | |
| Extent | xii, 732 p. ; |
| Dimensions | 24 cm. |
| 490 0# - Series Statement | |
| Series statement | Princeton paperbacks |
| 504 ## - BIBLIOGRAPHY, ETC. NOTE | |
| Bibliography, etc | Includes bibliographical references and index. |
| 546 ## - LANGUAGE NOTE | |
| Language note | Text in English ; translated from German. |
| 650 #7 - SUBJECT ADDED ENTRY--TOPICAL TERM | |
| Topical term or geographic name as entry element | Military art and science. |
| Source of heading or term | BUEsh |
| 650 #7 - SUBJECT ADDED ENTRY--TOPICAL TERM | |
| Topical term or geographic name as entry element | War. |
| Source of heading or term | BUEsh |
| 9 (RLIN) | 10636 |
| 651 ## - SUBJECT ADDED ENTRY--GEOGRAPHIC NAME | |
| Source of heading or term | BUEsh |
| 653 ## - INDEX TERM--UNCONTROLLED | |
| Resource For college | Generalities |
| Arrived date list | November2017 |
| 655 ## - INDEX TERM--GENRE/FORM | |
| Form subdivision | Reading book |
| -- | 34232 |
| 700 1# - ADDED ENTRY--PERSONAL NAME | |
| Personal name | Howard, Michael, |
| Dates associated with a name | 1922- |
| Relator term | editor |
| -- | translater. |
| 700 1# - ADDED ENTRY--PERSONAL NAME | |
| Personal name | Paret, Peter. |
| Relator term | editor |
| -- | translater. |
| 942 ## - ADDED ENTRY ELEMENTS (KOHA) | |
| Source of classification or shelving scheme | Dewey Decimal Classification |
| Withdrawn status | Item status | Source of classification or shelving scheme | Damaged status | Not for loan | Vendor | Home library | Current library | Shelving location | Date acquired | Source of acquisition | Cost, normal purchase price | Total Checkouts | Full call number | Barcode | Date last seen | Koha item type |
|---|---|---|---|---|---|---|---|---|---|---|---|---|---|---|---|---|
| Dewey Decimal Classification | Baccah | Central Library | Central Library | First floor | 15/11/2017 | Purchase | 690.00 | 355.02 CLA | 000042502 | 15/07/2025 | Book - Borrowing |